<?xml version="1.0" encoding="UTF-8"?><?xml-stylesheet type="text/xsl" href="static/style.xsl"?><OAI-PMH xmlns="http://www.openarchives.org/OAI/2.0/" xmlns:xsi="http://www.w3.org/2001/XMLSchema-instance" xsi:schemaLocation="http://www.openarchives.org/OAI/2.0/ http://www.openarchives.org/OAI/2.0/OAI-PMH.xsd"><responseDate>2026-04-27T20:19:05Z</responseDate><request verb="GetRecord" identifier="oai:uvadoc.uva.es:10324/56529" metadataPrefix="marc">https://uvadoc.uva.es/oai/request</request><GetRecord><record><header><identifier>oai:uvadoc.uva.es:10324/56529</identifier><datestamp>2023-10-16T10:02:35Z</datestamp><setSpec>com_10324_38</setSpec><setSpec>col_10324_852</setSpec></header><metadata><record xmlns="http://www.loc.gov/MARC21/slim" xmlns:doc="http://www.lyncode.com/xoai" xmlns:xsi="http://www.w3.org/2001/XMLSchema-instance" xmlns:dcterms="http://purl.org/dc/terms/" xsi:schemaLocation="http://www.loc.gov/MARC21/slim http://www.loc.gov/standards/marcxml/schema/MARC21slim.xsd">
<leader>00925njm 22002777a 4500</leader>
<datafield tag="042" ind1=" " ind2=" ">
<subfield code="a">dc</subfield>
</datafield>
<datafield tag="720" ind1=" " ind2=" ">
<subfield code="a">Gómez González, Celia</subfield>
<subfield code="e">author</subfield>
</datafield>
<datafield tag="260" ind1=" " ind2=" ">
<subfield code="c">2022</subfield>
</datafield>
<datafield tag="520" ind1=" " ind2=" ">
<subfield code="a">En este trabajo se analiza el efecto provocado en la economía española desde &#xd;
que se planteó su adhesión en la Unión Europea, hasta que se hizo posible. &#xd;
Esto nos permite analizar el comportamiento de las distintas variables &#xd;
económicas y su repercusión en el crecimiento económico español desde el &#xd;
año 1986, hasta la actualidad. &#xd;
Así, conoceremos las principales actuaciones por parte de la Unión Europea&#xd;
sobre la economía española, con las diferentes decisiones y tratados llevados &#xd;
a cabo desde su llegada, con el fin de hacer un balance de los puntos positivos &#xd;
y negativos desde su llegada.&#xd;
Además, este balance nos permitirá conocer de manera resumida la &#xd;
repercusión de la Unión Europea sobre ciertas decisiones políticas y sociales&#xd;
en España</subfield>
</datafield>
<datafield tag="024" ind2=" " ind1="8">
<subfield code="a">https://uvadoc.uva.es/handle/10324/56529</subfield>
</datafield>
<datafield ind1=" " ind2=" " tag="653">
<subfield code="a">Comunidad Europea - España</subfield>
</datafield>
<datafield tag="245" ind1="0" ind2="0">
<subfield code="a">Balance económico desde que España entró en la Unión Europea</subfield>
</datafield>
</record></metadata></record></GetRecord></OAI-PMH>